[Event "ECF English Seniors Chess Championship 2024 - Over 65"]
[Site "Kenilworth, United Kingdom"]
[Date "2024.05.24"]
[Round "1.9"]
[White "Page, Mark E"]
[Black "Dennis, Nigel W"]
[Result "1-0"]
[TimeControl "G90 + 30 second increments"]
[WhiteFideId "417050"]
[BlackFideId "408913"]
[WhiteElo "2042"]
[BlackElo "1892"]

1. e4 {[%clk 01:30:55]} {[%emt 00:00:04]} c5 {[%clk 01:29:32]} {[%emt
00:01:30]} 2. Nf3 {[%clk 01:31:15]} {[%emt 00:00:09]} e6 {[%clk 01:29:48]}
{[%emt 00:00:15]} 3. c3 {[%clk 01:31:25]} {[%emt 00:00:20]} d5 {[%clk
01:29:49]} {[%emt 00:00:28]} 4. e5 {[%clk 01:31:42]} {[%emt 00:00:14]} Nc6
{[%clk 01:28:31]} {[%emt 00:01:48]} 5. d4 {[%clk 01:32:02]} {[%emt 00:00:09]}
Qc7 {[%clk 01:27:33]} {[%emt 00:01:28]} 6. Be2 {[%clk 01:24:55]} {[%emt
00:07:37]} a6 {[%clk 01:27:45]} {[%emt 00:00:19]} 7. O-O {[%clk 01:24:14]}
{[%emt 00:01:10]} Bd7 {[%clk 01:26:50]} {[%emt 00:01:25]} 8. Be3 {[%clk
01:21:52]} {[%emt 00:02:53]} cxd4 {[%clk 01:25:48]} {[%emt 00:01:32]} 9. cxd4
{[%clk 01:22:06]} {[%emt 00:00:16]} b5 {[%clk 01:25:31]} {[%emt 00:00:48]} 10.
a4 {[%clk 01:10:41]} {[%emt 00:11:55]} bxa4 {[%clk 01:23:48]} {[%emt 00:02:13]}
11. Rxa4 {[%clk 01:09:38]} {[%emt 00:01:33]} Nb4 {[%clk 01:21:51]} {[%emt
00:02:26]} 12. Ra1 {[%clk 01:09:26]} {[%emt 00:00:42]} Qb7 {[%clk 01:16:00]}
{[%emt 00:06:21]} 13. Nc3 {[%clk 01:04:40]} {[%emt 00:05:16]} Ne7 {[%clk
01:13:50]} {[%emt 00:02:40]} 14. h4 {[%clk 00:55:50]} {[%emt 00:09:20]} Nf5
{[%clk 01:08:42]} {[%emt 00:05:38]} 15. g4 {[%clk 00:49:43]} {[%emt 00:06:36]}
Nxe3 {[%clk 01:08:56]} {[%emt 00:00:17]} 16. fxe3 {[%clk 00:50:08]} {[%emt
00:00:05]} Be7 {[%clk 01:08:34]} {[%emt 00:00:52]} 17. Kh2 {[%clk 00:49:23]}
{[%emt 00:01:15]} O-O {[%clk 01:05:16]} {[%emt 00:03:48]} 18. Qd2 {[%clk
00:45:02]} {[%emt 00:04:51]} Kh8 {[%clk 01:04:48]} {[%emt 00:00:58]} 19. Kh3
{[%clk 00:41:36]} {[%emt 00:03:56]} f5 {[%clk 01:01:25]} {[%emt 00:03:53]} 20.
g5 {[%clk 00:37:10]} {[%emt 00:04:57]} g6 {[%clk 00:58:05]} {[%emt 00:03:49]}
21. Ne1 {[%clk 00:31:10]} {[%emt 00:06:31]} Rfc8 {[%clk 00:51:25]} {[%emt
00:07:10]} 22. Ng2 {[%clk 00:29:34]} {[%emt 00:02:05]} Be8 {[%clk 00:49:04]}
{[%emt 00:02:51]} 23. Nf4 {[%clk 00:29:32]} {[%emt 00:00:32]} Bf7 {[%clk
00:49:23]} {[%emt 00:00:11]} 24. Rg1 {[%clk 00:25:32]} {[%emt 00:04:30]} Kg7
{[%clk 00:47:27]} {[%emt 00:02:26]} 25. Rgc1 {[%clk 00:18:20]} {[%emt
00:07:43]} Rc7 {[%clk 00:43:53]} {[%emt 00:04:03]} 26. Nd1 {[%clk 00:16:13]}
{[%emt 00:02:37]} Rac8 {[%clk 00:42:48]} {[%emt 00:01:36]} 27. Rxc7 {[%clk
00:13:12]} {[%emt 00:03:31]} Rxc7 {[%clk 00:43:05]} {[%emt 00:00:12]} 28. Rc1
{[%clk 00:13:26]} {[%emt 00:00:15]} a5 {[%clk 00:38:49]} {[%emt 00:04:46]} 29.
Nc3 {[%clk 00:11:52]} {[%emt 00:02:04]} Qc8 {[%clk 00:35:22]} {[%emt 00:03:57]}
30. Ra1 {[%clk 00:12:05]} {[%emt 00:00:17]} Nc6 {[%clk 00:31:52]} {[%emt
00:03:59]} 31. Nb5 {[%clk 00:10:30]} {[%emt 00:02:05]} Rb7 {[%clk 00:30:32]}
{[%emt 00:01:50]} 32. Qc2 {[%clk 00:10:11]} {[%emt 00:00:49]} Qd7 {[%clk
00:29:59]} {[%emt 00:01:03]} 33. Nc3 {[%clk 00:05:33]} {[%emt 00:05:08]} Nb4
{[%clk 00:27:49]} {[%emt 00:02:40]} 34. Qa4 {[%clk 00:05:22]} {[%emt 00:00:42]}
Qxa4 {[%clk 00:27:13]} {[%emt 00:01:07]} 35. Rxa4 {[%clk 00:05:50]} Nc6 {[%clk
00:24:46]} {[%emt 00:02:56]} 36. Bb5 {[%clk 00:06:04]} {[%emt 00:00:17]} Na7
{[%clk 00:22:55]} {[%emt 00:02:22]} 37. Bd3 {[%clk 00:03:25]} {[%emt 00:03:08]}
Bb4 {[%clk 00:20:44]} {[%emt 00:02:41]} 38. Ra2 {[%clk 00:02:48]} {[%emt
00:01:07]} Kf8 {[%clk 00:20:57]} {[%emt 00:00:16]} 39. Kg3 {[%clk 00:02:46]}
{[%emt 00:00:33]} Ke7 {[%clk 00:21:17]} {[%emt 00:00:10]} 40. Kf3 {[%clk
00:02:31]} {[%emt 00:00:45]} Be8 {[%clk 00:21:02]} {[%emt 00:00:45]} 41. Nce2
{[%clk 00:02:34]} {[%emt 00:00:28]} Bb5 {[%clk 00:18:07]} {[%emt 00:03:24]} 42.
Bxb5 {[%clk 00:02:36]} {[%emt 00:00:28]} Rxb5 {[%clk 00:17:51]} {[%emt
00:00:46]} 43. h5 {[%clk 00:02:43]} {[%emt 00:00:23]} Kf7 {[%clk 00:17:51]}
{[%emt 00:00:30]} 44. hxg6+ {[%clk 00:02:52]} {[%emt 00:00:21]} hxg6 {[%clk
00:18:10]} {[%emt 00:00:10]} 45. Ra1 {[%clk 00:03:14]} {[%emt 00:00:09]} Bf8
{[%clk 00:13:45]} {[%emt 00:04:55]} 46. Rc1 {[%clk 00:01:58]} {[%emt 00:01:46]}
Rb7 {[%clk 00:12:27]} {[%emt 00:01:48]} 47. Nd3 {[%clk 00:01:56]} {[%emt
00:00:32]} Be7 {[%clk 00:11:31]} {[%emt 00:01:26]} 48. Rh1 {[%clk 00:02:07]}
{[%emt 00:00:20]} Nc6 {[%clk 00:10:42]} {[%emt 00:01:19]} 49. Nef4 {[%clk
00:02:24]} {[%emt 00:00:13]} Rb3 {[%clk 00:10:06]} {[%emt 00:01:06]} 50. Rc1
{[%clk 00:00:59]} {[%emt 00:01:55]} Rb6 {[%clk 00:08:40]} {[%emt 00:01:57]} 51.
Nc5 {[%clk 00:01:25]} {[%emt 00:00:03]} Nd8 {[%clk 00:07:15]} {[%emt 00:01:55]}
52. Ra1 {[%clk 00:01:00]} {[%emt 00:00:55]} Bxg5 {[%clk 00:05:04]} {[%emt
00:02:42]} 53. Rxa5 {[%clk 00:01:14]} {[%emt 00:00:15]} Bxf4 {[%clk 00:05:18]}
{[%emt 00:00:16]} 54. Ra7+ {[%clk 00:01:07]} {[%emt 00:00:37]} Ke8 {[%clk
00:05:02]} {[%emt 00:00:46]} 55. Kxf4 {[%clk 00:01:32]} {[%emt 00:00:04]} Rxb2
{[%clk 00:04:47]} {[%emt 00:00:45]} 56. Kg5 {[%clk 00:01:43]} {[%emt 00:00:20]}
Nc6 {[%clk 00:02:56]} {[%emt 00:02:21]} 57. Rc7 {[%clk 00:00:59]} {[%emt
00:01:13]} Ne7 {[%clk 00:02:36]} {[%emt 00:00:51]} 58. Kf6 {[%clk 00:01:23]}
{[%emt 00:00:06]} Rb1 {[%clk 00:00:55]} {[%emt 00:02:11]} 59. Rxe7+ {[%clk
00:01:44]} {[%emt 00:00:09]} Rb2 {[%emt 00:00:30]} 60. Rb7 {[%clk 00:01:44]}
1-0